The big book of meeting games : (Record no. 133429)
[ view plain ]
| 000 -LEADER | |
|---|---|
| fixed length control field | 00840nam a22002417a 4500 |
| 003 - CONTROL NUMBER IDENTIFIER | |
| control field | dpl |
| 005 - DATE AND TIME OF LATEST TRANSACTION | |
| control field | 20180705171936.0 |
| 008 - FIXED-LENGTH DATA ELEMENTS--GENERAL INFORMATION | |
| fixed length control field | 180613b xxu||||| |||| 00| 0 eng d |
| 010 ## - LIBRARY OF CONGRESS CONTROL NUMBER | |
| LC control number | B-132447 |
| 020 ## - INTERNATIONAL STANDARD BOOK NUMBER | |
| Terms of availability | 00.00 |
| International Standard Book Number | 0070590443 |
| 035 ## - SYSTEM CONTROL NUMBER | |
| System control number | B-132447, B-132466, B-132451 |
| 037 ## - SOURCE OF ACQUISITION | |
| Source of stock number/acquisition | Cen Lib/Ret |
| 040 ## - CATALOGING SOURCE | |
| Original cataloging agency | DPL |
| Language of cataloging | EN |
| Transcribing agency | 0 |
| 082 ## - DEWEY DECIMAL CLASSIFICATION NUMBER | |
| Classification number | 658.4 |
| Item number | CAR |
| 100 ## - MAIN ENTRY--PERSONAL NAME | |
| Personal name | Caroselli, Marlene |
| 9 (RLIN) | 37925 |
| 245 ## - TITLE STATEMENT | |
| Title | The big book of meeting games : |
| Statement of responsibility, etc | by Marlene Caroselli |
| Remainder of title | 75 quick, fun activities for learning creative, energetic, productive meetings / |
| 260 ## - PUBLICATION, DISTRIBUTION, ETC. (IMPRINT) | |
| Place of publication, distribution, etc | New Delhi |
| Name of publisher, distributor, etc | Tata Mcgraw hill publishing company |
| Date of publication, distribution, etc | 2002 |
| 270 ## - ADDRESS | |
| City | New Delhi |
| Address | 7 West patel nagar |
| Postal code | 110008 |
| 300 ## - PHYSICAL DESCRIPTION | |
| Extent | xvi,236p. |
| Dimensions | 23cm(pbk) |
| 650 ## - SUBJECT ADDED ENTRY--TOPICAL TERM | |
| Topical term or geographic name as entry element | Business -- meetings |
| 9 (RLIN) | 72600 |
| 650 ## - SUBJECT ADDED ENTRY--TOPICAL TERM | |
| Topical term or geographic name as entry element | Business meetings |
| 9 (RLIN) | 72601 |
| 942 ## - ADDED ENTRY ELEMENTS (KOHA) | |
| Source of classification or shelving scheme | Dewey Decimal Classification |
| Koha item type | English Books |
| Classification part | 658.4 |
| Call number suffix | CAR |
| Withdrawn status | Lost status | Damaged status | Not for loan | Home library | Current library | Date acquired | Source of acquisition | Cost, normal purchase price | Total Checkouts | Full call number | Barcode | Date last seen | Copy number | Cost, replacement price | Price effective from | Koha item type | Source of classification or shelving scheme | Collection code | Date checked out |
|---|---|---|---|---|---|---|---|---|---|---|---|---|---|---|---|---|---|---|---|
| Central Library | Central Library | 25/07/2015 | Cen Lib/Ret | 0.00 | 658.4 CAR | B-132447 | 25/07/2015 | 1 | 0.00 | 25/07/2015 | English Books | ||||||||
| Patel Nagar | Patel Nagar | 05/07/2018 | BPPD/Pub | 0.00 | 658.4 CAR | B-132451 | 05/07/2018 | 0.00 | 05/07/2018 | English Books | Dewey Decimal Classification | Non-fiction | |||||||
| Sarojini Nagar | Sarojini Nagar | 07/05/2019 | 1 | 658.4 CAR | B-132456 | 27/03/2026 | 07/05/2019 | English Books | Dewey Decimal Classification | Non-fiction | 16/03/2026 | ||||||||
| Shahdara Branch | Shahdara Branch | 13/06/2018 | BPPD/PUB | 0.00 | 1 | 658.4 CAR | B-132466 | 26/08/2020 | 0.00 | 13/06/2018 | English Books | Dewey Decimal Classification | Non-fiction | 10/08/2020 |
